000 00344pab a2200157 454500
008 180718b2002 xxu||||| |||| 00| 0 eng d
100 _aSengupta, Jayashree
245 _aA realistic budget
260 _c2002
300 _ap.7-8,14.
362 _aApr
650 _aBudget - India
650 _aBudget
773 _aYojana
909 _a51898
999 _c51898
_d51898